LEADER 01085nam a2200241 4500 001 000000362489 003 CaOOAMICUS 005 20250408100909.0 008 250408s2010 xxu 000 u eng r 020 $a978-0-664-23246-7 040 $aSeMil$bita 100 1 $aSoulen, Richard N.,$d<1933- >.$0(OLS)http://semarc/name/117416 245 10$aSacred Scripture :$ba short history of interpretation /$cRichard N. Soulen. 264 1$aLouisville, Kentucky :$bWestminster John Knox Press,$c2010. 300 $aXV, 216 p. ;$c23 cm 650 4$aBibbia - Interpretazione.$0(OLS)http://semarc/subject/1295 650 4$aEsegesi biblica - Storia.$0(OLS)http://semarc/subject/90 850 $aSeMil 852 $aSeMil$W1$xVenegono$y1$m2Y V 49$j255863$B253406$CSeMilBibl$Z2$F253406 $81 996 $6020$a978-0-664-23246-7$9(OLS)http://semarc/number/302956 996 $6245$aSacred Scripture :$ba short history of interpretation$9(OLS)http://semarc/title/453405 996 $6264$aLouisville, Kentucky :$bWestminster John Knox Press$9(OLS)http://semarc/publisher/42775 LEADER 01068nam a2200277 i 4500 001 000000219386 003 CaOOAMICUS 005 20130322000000.0 008 130322s2001 it u000 u ita u 013 $a198283 020 $a88-04-49539-1 040 $aSeMil$bita 100 1 $aFollett, Ken,$d<1949- >.$0(OLS)http://semarc/name/17077 240 10$aCode to zero.$0(OLS)http://semarc/title/314771 245 10$aCodice a zero /$cKen Follett ; traduzione di Annamaria Raffo. 260 $aMilano :$bMondadori,$c2001. 300 $a425 p. ;$c18 cm. 490 0 $aI Miti ;$v211 700 1 $aRaffo, Annamaria.$0(OLS)http://semarc/name/77039 830 2$aI miti ;$v211.$0(OLS)http://semarc/title/13689 850 $aSeMil 852 $aSeMil$W1$xVenegono$y1$m1V I 188$j169747$B169747$CSeMilBibl$Z2$F187447 $81 961 $aOmaggio: Tremolada don Pierantonio 996 $6020$a88-04-49539-1$9(OLS)http://semarc/number/217490 996 $6245$aCodice a zero$9(OLS)http://semarc/title/314770 996 $6260$aMilano :$bMondadori$9(OLS)http://semarc/publisher/30335